Defensoría del pueblo : (Registro nro. 30837)
[ vista simple ]
| 000 -LEADER | |
|---|---|
| fixed length control field | 00764nam a22002297a 4500 |
| 003 - CONTROL NUMBER IDENTIFIER | |
| control field | OSt |
| 005 - DATE AND TIME OF LATEST TRANSACTION | |
| control field | 20241008103006.0 |
| 008 - FIXED-LENGTH DATA ELEMENTS--GENERAL INFORMATION | |
| fixed length control field | 240927b |||abo|| |||| 00| 0 eng d |
| 020 ## - INTERNATIONAL STANDARD BOOK NUMBER | |
| International Standard Book Number | 9786289542608 |
| 037 ## - SOURCE OF ACQUISITION | |
| Source of stock number/acquisition | Donación |
| 040 ## - CATALOGING SOURCE | |
| Original cataloging agency | CO-JMCR |
| Language of cataloging | spa |
| Transcribing agency | CO-JMCR |
| Modifying agency | CO-JMCR |
| Description conventions | rda |
| 041 0# - LANGUAGE CODE | |
| Language code of text/sound track or separate title | spa |
| 082 04 - DEWEY DECIMAL CLASSIFICATION NUMBER | |
| Edition number | 23 |
| Classification number | 323.044 |
| Item number | D31d |
| 110 ## - MAIN ENTRY--CORPORATE NAME | |
| 9 (RLIN) | 37191 |
| Corporate name or jurisdiction name as entry element | Defensoría del Pueblo |
| 245 10 - TITLE STATEMENT | |
| Title | Defensoría del pueblo : |
| Remainder of title | Nos unen tus derechos / |
| 260 ## - PUBLICATION, DISTRIBUTION, ETC. | |
| Place of publication, distribution, etc. | Bogotá D.C. : |
| Name of publisher, distributor, etc. | Diseño Editorial Libros y Revistas, |
| Date of publication, distribution, etc. | 2022 |
| 300 ## - PHYSICAL DESCRIPTION | |
| Extent | 352 páginas: |
| Other physical details | ilustraciones, fotografías, mapas; |
| Dimensions | 24.5 x 28.5 cm. |
| 504 ## - BIBLIOGRAPHY, ETC. NOTE | |
| Bibliography, etc. note | Incluye referencias bibliográficas |
| 650 14 - SUBJECT ADDED ENTRY--TOPICAL TERM | |
| Topical term or geographic name entry element | Derechos humanos |
| Geographic subdivision | Colombia |
| 9 (RLIN) | 30252 |
| 650 24 - SUBJECT ADDED ENTRY--TOPICAL TERM | |
| Topical term or geographic name entry element | Derechos civiles |
| Geographic subdivision | Colombia |
| 9 (RLIN) | 37464 |
| 942 ## - ADDED ENTRY ELEMENTS (KOHA) | |
| Source of classification or shelving scheme | Dewey Decimal Classification |
| Koha item type | Books |
| Withdrawn status | Lost status | Source of classification or shelving scheme | Damaged status | Not for loan | Home library | Current library | Shelving location | Date acquired | Source of acquisition | Total Checkouts | Full call number | Barcode | Date last seen | Date last checked out | Copy number | Price effective from | Koha item type |
|---|---|---|---|---|---|---|---|---|---|---|---|---|---|---|---|---|---|
| Dewey Decimal Classification | Biblioteca Pública José María del Castillo y Rada | Biblioteca Pública José María del Castillo y Rada | Book Cart | 06/21/2023 | Donación | 1 | 323.044 D31d | 201812472 | 02/11/2026 | 02/11/2026 | Ej.1 | 09/27/2024 | Books |